00503nam a2200193 a 4500001001300000003000900013005001700022008004100039020001000080082001800090100002800108245002600136260003700162300000900199500003500208505002200243650001600265700002800281nice12345678IN_TiNIC20260116012043.0050524s1952 hyda grp 000 0 urd  ac10000a891.4391bHAM aHamid, Mohammad A Ghani aMusaddas Shamsuz Zuha aHyderabadbDeendar Anjumanc1952 a128p aincludes index and biblioraphy2 aVarious Documents aUrdu-Poetry1 aHamid, Mohammad A Ghani